Did These NBA Players Win a Ring Sudden Death - Statistics

General Stats
  • This quiz has been taken 290 times
  • The average score is 10 of 16
Answers on the Grid
Answers color-coded by a green-red scale on the quiz's grid according to % correct below.
LeBron James
Allen Iverson
Nikola Jokic
Yao Ming
Jerry West
Carmelo Anthony
Penny Hardaway
Tim Hardaway
Willis Reed
Jo Jo White
Wes Unseld
Grant Hill
Kareem Abdul Jabber
Pete Maravich
Joe Dumars
Chris Webber
Isiah Thomas (old)
Isiah Thomas (new)
Clyde Drexler
Charles Barkley
Nate Thurmond
Tony Parker
Nene
Kobe Bryant
Adrian Dantley
Dominique Wilkins
Kawhi Leonard
Jayson Tatum
Jaylen Brown
Kentavious Caldwell-Pope
 
Answer Stats
Answer % Correct
LeBron James
100%
Nikola Jokic
91%
Jerry West
75%
Kareem Abdul Jabber
69%
Isiah Thomas (old)
63%
Kobe Bryant
61%
Jayson Tatum
59%
Kawhi Leonard
59%
Jaylen Brown
58%
Tony Parker
57%
Willis Reed
53%
Joe Dumars
48%
Kentavious Caldwell-Pope
46%
Wes Unseld
44%
Clyde Drexler
42%
Jo Jo White
42%
No matching quizzes found
Score Distribution
Percent of People with Each Score
Percentile by Number Answered
Your Score History
You have not taken this quiz